Mots: nourriture en T-(U)-V-(W)-(X)-Y-(Z) (EN --> FR) - Statistiques

Statistiques générales
  • Ce quiz a été pris 45 fois
  • Le résultat moyen est 9 sur 10
Statistiques - réponses
Hint Réponse % Correct
Tea Thé
100%
Tomato Tomate
100%
Vanilla Vanille
100%
Tofu Tofu
98%
Wine Vin
95%
Vinegar Vinaigre
95%
Meat Viande
93%
Pie Tarte
88%
Tuna Thon
83%
Yogurt Yogourt
32%
Aucun quiz correspondant
Distribution des résultats
% des personnes avec chaque résultat
Percentile par nombre de réponses
Votre historique - résultats
Vous n’avez pas pris ce quiz